| 000 | 00598nam a2200193 u 4500 | ||
|---|---|---|---|
| 005 | 20240228063941.0 | ||
| 008 | 080624s2006 ag r 000 0 spa d | ||
| 020 | _a9871296096 (10 dígitos) | ||
| 020 | _a9789871296095 (13 dígitos) | ||
| 035 | _aUPN01000157440 | ||
| 049 | _aI | ||
| 050 | 4 |
_aPZ71 _bR3.4 |
|
| 100 | 1 |
_aRepún, Graciela Beatriz, _d1951- _932429 |
|
| 245 | 1 | 0 |
_aMonstruos de visita / _cGraciela Repún ; il. Luciana Fernández. |
| 260 |
_aBuenos Aires : _bUnaluna, _cc2006. |
||
| 300 |
_a[23] p. : _bil. col. |
||
| 650 | 4 |
_aLibros y lectura para niños _92290 |
|
| 905 | _aInfantil | ||
| 999 |
_c129554 _d129554 |
||